Integrating and Systematizing the Results of Scientific Research Activities in the Field of Consumer Protection, with a Primary Focus on Food Security, in Order to Model Adequate Consumer Behaviour Proceedings of Scientific Papers
Saved in:
| Corporate Author: | |
|---|---|
| Other Authors: | , , |
| Format: | Book |
| Language: | English Slovak |
| Published: |
Brno
Masaryk University Press
2021
|
| Edition: | 1st Edition |
| Subjects: | |
| Tags: |
No Tags, Be the first to tag this record!
|
MARC
| LEADER | 00000nam a2200000 4500 | ||
|---|---|---|---|
| 001 | 0281089 | ||
| 005 | 20240527084344.5 | ||
| 020 | |a 978-80-280-0004-2 | ||
| 041 | 0 | |a eng | |
| 041 | 0 | |a slo | |
| 044 | |a CZ | ||
| 245 | 1 | 0 | |a Integrating and Systematizing the Results of Scientific Research Activities in the Field of Consumer Protection, with a Primary Focus on Food Security, in Order to Model Adequate Consumer Behaviour |b Proceedings of Scientific Papers |c Gabriela Dubcová et al. ; Editorial and Compilation Work: Ľubica Foltínová |
| 250 | |a 1st Edition | ||
| 264 | 1 | |a Brno |b Masaryk University Press |c 2021 | |
| 300 | |a 130 s. [8,73 AH] | ||
| 610 | 2 | 0 | |a ochrana spotrebiteľa |
| 610 | 2 | 0 | |a bezpečnosť potravinová |
| 610 | 2 | 0 | |a správanie spotrebiteľa |
| 610 | 2 | 0 | |a pôvod tovaru |
| 610 | 2 | 0 | |a ochrana dát |
| 700 | 1 | |a Foltínová, Ľubica, 1975- | |
| 700 | 1 | |a Suchánek, Petr | |
| 700 | 1 | |a Grisáková, Nora, 1978- | |
| 710 | 2 | |a Ekonomická univerzita v Bratislave. Fakulta podnikového manažmentu | |